000 00378nam a2200157Ia 4500
008 230711s9999||||xx |||||||||||||| ||und||
041 _aENG
082 _a624
_bPR-B
100 _aPritchard B
245 0 _aBridge design for economy and durability
250 _a1st
260 _c1993
_aNew Delhi
_bThomas Telford
300 _a172
650 _aCivil Engineering
942 _cBK
999 _c2809
_d2809